[Event "Rewal 2011 - Open A"]
[Site "Rewal"]
[Date "2011.08.28"]
[Round "9.5"]
[White "Ivanov, Mikhail M"]
[Black "Klekowski, Maciej"]
[Result "1-0"]
[WhiteElo "2410"]
[BlackElo "2248"]
[EventDate "2011.??.??"]
[PlyCount "55"]

1.d4 Nf6 2.c4 e6 3.Nc3 d5 4.cxd5 exd5 5.Bg5 Nbd7 6.e3 Be7 7.Bd3 O-O 8.Qc2 
c6 9.Nf3 Re8 10.O-O Nf8 11.Rae1 g6 12.Ne5 Ne6 13.f4 Ng7 14.Rf3 Bf5 15.Ref1
Bxd3 16.Qxd3 Ne4 17.Nxe4 dxe4 18.Qxe4 f6 19.Ng4 h5 20.Nh6+ Kh7 21.f5 fxg5 
22.Nf7 Qd7 23.fxg6+ Kg8 24.Nh6+ Kh8 25.Rf7 Bf8 26.Qf3 Qc8 27.Qxh5 Qe6 28.
Rxf8+ 1-0

[Event "Rewal 2011 - Open A"]
[Site "Rewal"]
[Date "2011.08.28"]
[Round "9.6"]
[White "Krupa, Monika"]
[Black "Bebel, Arkadiusz"]
[Result "1-0"]
[WhiteElo "2226"]
[BlackElo "2309"]
[EventDate "2011.??.??"]
[PlyCount "85"]

1.e4 c5 2.Nf3 e6 3.g3 d6 4.Bg2 Nf6 5.Nc3 Nc6 6.O-O Be7 7.d4 cxd4 8.Nxd4 
Bd7 9.Ndb5 Qb8 10.Bf4 Ne5 11.a4 O-O 12.Qe2 a6 13.Na3 Rc8 14.Rfd1 Rxc3 15.
bxc3 Bxa4 16.Rd4 Be8 17.h3 Qc7 18.c4 Rc8 19.Be3 Bc6 20.g4 Ng6 21.g5 Nd7 
22.Nb5 Qb8 23.Rad1 axb5 24.cxb5 Bxe4 25.Bxe4 Nc5 26.Bg2 e5 27.Rc4 b6 28.
Bd5 Qc7 29.h4 Bf8 30.h5 Ne7 31.Qf3 Nxd5 32.Qxd5 g6 33.h6 Qe7 34.Ra1 Qd7 
35.Bxc5 bxc5 36.b6 Rb8 37.Rb1 Qd8 38.b7 Qxg5+ 39.Kf1 Qxh6 40.Ra4 e4 41.
Qxe4 Qh3+ 42.Kg1 d5 43.Qf4 1-0

[Event "Rewal 2011 - Open A"]
[Site "Rewal"]
[Date "2011.08.28"]
[Round "9.8"]
[White "Westerinen, Heikki M.j"]
[Black "Musialkiewicz, Jan"]
[Result "1/2-1/2"]
[WhiteElo "2355"]
[BlackElo "2150"]
[EventDate "2011.??.??"]
[PlyCount "154"]

1.e4 c5 2.Nf3 d6 3.c3 Nf6 4.h3 Nbd7 5.Bd3 b6 6.O-O Bb7 7.Re1 Qc7 8.Bc2 Rc8
9.Na3 e6 10.d3 Be7 11.Bf4 O-O 12.Rc1 a6 13.d4 b5 14.e5 dxe5 15.dxe5 Nd5 
16.Bg5 N7b6 17.Qe2 Bxg5 18.Nxg5 h6 19.Qd3 g6 20.Ne4 Qxe5 21.Nxc5 Qc7 22.
Nxb7 Qxb7 23.Qg3 Qc7 24.Qxc7 Rxc7 25.Rcd1 Rfc8 26.Bb3 Kg7 27.Rd4 Rc5 28.g3
a5 29.Nb1 Nc4 30.Bxc4 Rxc4 31.Rxc4 Rxc4 32.Nd2 Rc7 33.a3 Kf6 34.Re4 Nb6 
35.Nb3 Nc4 36.Re2 e5 37.f4 exf4 38.gxf4 Rd7 39.Kg2 Rd1 40.Nd4 b4 41.axb4 
axb4 42.Nb5 bxc3 43.bxc3 Kf5 44.Nd4+ Kxf4 45.Rf2+ Ke4 46.Rxf7 Rd2+ 47.Rf2 
Ne3+ 48.Kg1 Rxf2 49.Kxf2 Nd1+ 50.Kg3 Nxc3 51.Nc6 Nd5 52.Kg4 Ne3+ 53.Kg3 h5
54.Nd8 Nf5+ 55.Kf2 Nd4 56.Kg3 Nf5+ 57.Kf2 Ng7 58.Kg3 g5 59.Kg2 Kf4 60.Kf2 
h4 61.Nb7 Ne6 62.Kg2 Ke3 63.Nd6 Nf4+ 64.Kh2 Kf3 65.Nf7 Ne6 66.Ne5+ Kf2 67.
Nf7 Ke3 68.Kg2 Kf4 69.Nd6 Nc5 70.Nf7 Ne4 71.Nh6 Nd6 72.Ng4 Nf5 73.Nf6 Ne3+
74.Kf2 Nd1+ 75.Kg2 Ne3+ 76.Kf2 Nd1+ 77.Kg2 Ne3+ 1/2-1/2

[Event "Rewal 2011 - Open A"]
[Site "Rewal"]
[Date "2011.08.28"]
[Round "9.9"]
[White "Nasuta, Grzegorz"]
[Black "Cukrowski, Filip"]
[Result "1/2-1/2"]
[WhiteElo "2237"]
[BlackElo "2113"]
[EventDate "2011.??.??"]
[PlyCount "47"]

1.e4 c5 2.Nf3 d6 3.d4 cxd4 4.Nxd4 Nf6 5.Nc3 a6 6.Bg5 Nbd7 7.f4 Qc7 8.Qf3 
h6 9.Bxf6 Nxf6 10.f5 Qc5 11.O-O-O g5 12.fxg6 Bg4 13.gxf7+ Kxf7 14.Qd3 Bxd1
15.Nxd1 Bg7 16.g3 Rae8 17.Nc3 Ng4 18.Qf3+ Bf6 19.Bh3 Qxd4 20.Bxg4 Kg7 21.
Bh5 Rc8 22.Qg4+ Bg5+ 23.Kb1 Rxc3 24.bxc3 1/2-1/2

[Event "Rewal 2011 - Open A"]
[Site "Rewal"]
[Date "2011.08.28"]
[Round "9.10"]
[White "Szymanski, Andrzej"]
[Black "Szmyd, Arkadiusz"]
[Result "1/2-1/2"]
[WhiteElo "2214"]
[BlackElo "2155"]
[EventDate "2011.??.??"]
[PlyCount "120"]

1.d4 e6 2.e4 d5 3.Nc3 dxe4 4.Nxe4 Nd7 5.Bd3 Ngf6 6.Nxf6+ Nxf6 7.Nf3 Be7 8.
O-O O-O 9.c3 b6 10.Qe2 Bb7 11.Bf4 Nd7 12.Rad1 h6 13.Bc2 Bd6 14.Ne5 Qh4 15.
Bg3 Qe7 16.f4 Rfe8 17.Qd3 f5 18.Qe2 Bxe5 19.fxe5 c5 20.Bb3 cxd4 21.cxd4 g6
22.d5 Nc5 23.d6 Qd7 24.Bc4 a6 25.a3 b5 26.Ba2 Rac8 27.Rc1 Ne4 28.Bf4 g5 
29.Be3 Kg7 30.Qh5 f4 31.Bd4 Rxc1 32.Rxc1 Rc8 33.Qd1 Rxc1 34.Qxc1 Qc8 35.
Qxc8 Bxc8 36.Bb1 Nd2 37.Bd3 Kf7 38.Kf2 Bd7 39.a4 Bc6 40.axb5 axb5 41.Bb6 
Ke8 42.Bd4 Kd7 43.Bc3 Ne4+ 44.Bxe4 Bxe4 45.Bd2 Bc6 46.h4 gxh4 47.Bxf4 h5 
48.Bg5 h3 49.gxh3 Bd5 50.h4 Bc4 51.Ke3 Bf1 52.Kd4 Be2 53.Kc5 Bf1 54.Kb4 
Be2 55.Be3 Bf1 56.Bd4 Be2 57.Kc3 Bf1 58.Kd2 Bh3 59.Ke3 Bf1 60.Bc3 Bh3 
1/2-1/2

[Event "Rewal 2011 - Open A"]
[Site "Rewal"]
[Date "2011.08.28"]
[Round "9.11"]
[White "Szumilas, Piotr"]
[Black "Popova, Natalija"]
[Result "1-0"]
[WhiteElo "2162"]
[BlackElo "2317"]
[EventDate "2011.??.??"]
[PlyCount "103"]

1.e4 c5 2.Nf3 Nc6 3.d4 cxd4 4.Nxd4 Nf6 5.Nc3 d6 6.Bc4 Qb6 7.Nxc6 bxc6 8.
O-O e6 9.Qe2 Be7 10.b3 O-O 11.Bb2 Nd7 12.Rad1 Ne5 13.Na4 Qa5 14.Bc3 Qc7 
15.Bxe5 dxe5 16.Rd3 Bb7 17.Rfd1 Rad8 18.Kf1 Rxd3 19.Rxd3 Rd8 20.Rxd8+ Qxd8
21.Qd3 Qxd3+ 22.Bxd3 h5 23.Ke2 g6 24.Nb2 Bd6 25.Nc4 Bc7 26.b4 Kf8 27.a4 
Ke7 28.a5 f5 29.Nd2 Bc8 30.Nb3 Bd6 31.c3 h4 32.h3 Kf6 33.Ke3 Bf8 34.Ke2 
Kg5 35.Ke3 Bd6 36.Kf3 Bf8 37.Ke3 Kf6 38.Ke2 Bb7 39.a6 Bc8 40.Na5 Bd7 41.
Nb7 Be7 42.Bc2 Kf7 43.Ba4 Ke8 44.Na5 Bd8 45.Nxc6 Bb6 46.c4 Bd4 47.Nxd4 
Bxa4 48.Nxe6 Bb3 49.Kd3 fxe4+ 50.Kc3 Ba4 51.b5 g5 52.Nc5 1-0

[Event "Rewal 2011 - Open A"]
[Site "Rewal"]
[Date "2011.08.28"]
[Round "9.12"]
[White "Janus, Przemyslaw"]
[Black "Maljush, Andrej"]
[Result "1/2-1/2"]
[WhiteElo "2134"]
[BlackElo "2316"]
[EventDate "2011.??.??"]
[PlyCount "34"]

1.d4 g6 2.c4 Bg7 3.Nc3 d6 4.e4 Nc6 5.Be3 e5 6.d5 Nd4 7.Nge2 Nxe2 8.Bxe2 f5
9.f3 Nf6 10.Qd2 O-O 11.O-O-O fxe4 12.fxe4 Bg4 13.Rhf1 Qd7 14.h3 Bxe2 15.
Qxe2 a6 16.Qc2 Rf7 17.Rf2 Raf8 1/2-1/2

[Event "Rewal 2011 - Open A"]
[Site "Rewal"]
[Date "2011.08.28"]
[Round "9.13"]
[White "Ziaziulkina, Nastassia"]
[Black "Gajek, Radoslaw"]
[Result "1-0"]
[WhiteElo "2291"]
[BlackElo "2054"]
[EventDate "2011.??.??"]
[PlyCount "65"]

1.e4 e5 2.Nf3 Nc6 3.Bb5 a6 4.Ba4 Nf6 5.O-O Nxe4 6.d4 exd4 7.Re1 d5 8.c4 
Bb4 9.Re2 O-O 10.cxd5 Qxd5 11.Bb3 Qf5 12.Bc2 d3 13.Bxd3 Rd8 14.Qc2 Qd5 15.
Bxe4 Qd1+ 16.Ne1 Bxe1 17.Qxd1 Rxd1 18.Bc2 Bg4 19.Bxd1 Bxe2 20.Bxe2 Nd4 21.
Bd1 Re8 22.Nd2 Ne2+ 23.Bxe2 Rxe2 24.Kf1 Rxd2 25.Kxe1 Rc2 26.Rb1 f5 27.Be3 
c6 28.Bd4 c5 29.Be5 Rc4 30.Kd2 Re4 31.Re1 Ra4 32.a3 Kf7 33.Rc1 1-0

[Event "Rewal 2011 - Open A"]
[Site "Rewal"]
[Date "2011.08.28"]
[Round "9.14"]
[White "Dowgird, Filip"]
[Black "Sabuk, Piotr"]
[Result "0-1"]
[WhiteElo "2110"]
[BlackElo "2199"]
[EventDate "2011.??.??"]
[PlyCount "84"]

1.e4 e6 2.d3 d5 3.Nd2 Nf6 4.Ngf3 c5 5.g3 Nc6 6.Bg2 Be7 7.O-O O-O 8.Re1 b5 
9.e5 Nd7 10.h4 b4 11.Nf1 a5 12.h5 a4 13.a3 bxa3 14.bxa3 Ba6 15.N1h2 Rb8 
16.Ng4 Qc7 17.Bf4 c4 18.d4 Rfc8 19.Qc1 Qd8 20.Bd2 Na7 21.Bg5 c3 22.h6 g6 
23.Qf4 Rb2 24.Bxe7 Qxe7 25.Ng5 Rxc2 26.Bxd5 Bc4 27.Bb7 Rf8 28.Be4 Rd2 29.
Nf3 Rb2 30.Rec1 f5 31.exf6 Nxf6 32.Nxf6+ Rxf6 33.Qg4 Nb5 34.Bc6 Qc7 35.Be4
Be2 36.Qg5 Rxf3 37.Bxf3 Bxf3 38.Rab1 Rxb1 39.Rxb1 c2 40.Re1 Nxd4 41.Kh2 
Bd1 42.Qf6 c1=Q 0-1

[Event "Rewal 2011 - Open A"]
[Site "Rewal"]
[Date "2011.08.28"]
[Round "9.15"]
[White "Wiewiora, Eneasz"]
[Black "Kaminski, Piotr"]
[Result "1/2-1/2"]
[WhiteElo "2083"]
[BlackElo "2158"]
[EventDate "2011.??.??"]
[PlyCount "75"]

1.e4 c5 2.c3 b6 3.d4 Bb7 4.Bd3 e6 5.Nf3 d6 6.O-O Nd7 7.Re1 Ne7 8.Nbd2 Ng6 
9.Nf1 Be7 10.Qe2 O-O 11.Ng3 Re8 12.Be3 Rc8 13.Rad1 Qc7 14.h3 c4 15.Bc2 b5 
16.Nh2 e5 17.d5 Nc5 18.Nf5 Bf8 19.Qg4 Kh8 20.h4 Ne7 21.Nf3 Nxf5 22.exf5 f6
23.Qh5 Kg8 24.Ng5 fxg5 25.Bxc5 dxc5 26.d6 Bxd6 27.f6 e4 28.Rxd6 Qxd6 29.
f7+ Kf8 30.fxe8=Q+ Rxe8 31.Qxh7 Qd2 32.Rd1 Qxc2 33.Qh8+ Kf7 34.Rd7+ Re7 
35.Qh5+ Ke6 36.Qg4+ Kf7 37.Qh5+ Ke6 38.Qg4+ 1/2-1/2

[Event "Rewal 2011 - Open A"]
[Site "Rewal"]
[Date "2011.08.28"]
[Round "9.16"]
[White "Mroziak, Maciej"]
[Black "Paszewski, Mateusz"]
[Result "1-0"]
[WhiteElo "2153"]
[BlackElo "1905"]
[EventDate "2011.??.??"]
[PlyCount "61"]

1.e4 e6 2.d3 c5 3.g3 Nc6 4.Bg2 g6 5.Nf3 Bg7 6.O-O Nge7 7.Re1 d6 8.c3 O-O 
9.Nbd2 b5 10.Nf1 b4 11.d4 bxc3 12.bxc3 cxd4 13.cxd4 Rb8 14.Ba3 Ba6 15.Ne3 
Qd7 16.Rc1 Nb4 17.Bxb4 Rxb4 18.a3 Rb2 19.d5 e5 20.Nc4 Bxc4 21.Rxc4 Qb5 22.
Qa4 Qb6 23.Rf1 f5 24.Qd7 Bf6 25.exf5 gxf5 26.Nh4 Bxh4 27.Rxh4 Qb7 28.Qe6+ 
Kg7 29.Qh6+ Kf7 30.Qh5+ Kg7 31.Qxh7+ 1-0

[Event "Rewal 2011 - Open A"]
[Site "Rewal"]
[Date "2011.08.28"]
[Round "9.18"]
[White "Obrusnik, Michal"]
[Black "Szczukiewicz, Andrzej"]
[Result "1-0"]
[WhiteElo "2255"]
[BlackElo "2070"]
[EventDate "2011.??.??"]
[PlyCount "59"]

1.e4 c5 2.Nf3 Nc6 3.d4 cxd4 4.Nxd4 e5 5.Nb5 d6 6.N1c3 a6 7.Na3 b5 8.Nd5 
Nce7 9.c4 Nxd5 10.exd5 bxc4 11.Nxc4 Nf6 12.Be3 Rb8 13.a4 Be7 14.Be2 O-O 
15.O-O Bb7 16.Nb6 Nd7 17.a5 f5 18.f3 Bf6 19.Rc1 Re8 20.Qa4 Nf8 21.b4 e4 
22.f4 g5 23.b5 gxf4 24.bxa6 fxe3 25.axb7 Be5 26.g3 Qg5 27.Kh1 Bxg3 28.hxg3
Ng6 29.Rc8 Rd8 30.Qd7 1-0

[Event "Rewal 2011 - Open A"]
[Site "Rewal"]
[Date "2011.08.28"]
[Round "9.19"]
[White "Grygierczyk, Wojciech"]
[Black "Wandzik, Wojciech"]
[Result "1/2-1/2"]
[WhiteElo "2040"]
[BlackElo "2239"]
[EventDate "2011.??.??"]
[PlyCount "30"]

1.c4 e5 2.g3 Nf6 3.Bg2 d5 4.cxd5 Nxd5 5.Nc3 Nb6 6.Nf3 Nc6 7.O-O Be7 8.a3 
O-O 9.b4 Re8 10.Rb1 Bf8 11.d3 a5 12.b5 Nd4 13.Nd2 Rb8 14.e3 Ne6 15.Nf3 f6 
1/2-1/2

[Event "Rewal 2011 - Open A"]
[Site "Rewal"]
[Date "2011.08.28"]
[Round "9.22"]
[White "Palosz, Andrzej"]
[Black "Korosciel, Aneta"]
[Result "1/2-1/2"]
[WhiteElo "2167"]
[BlackElo "2066"]
[EventDate "2011.??.??"]
[PlyCount "38"]

1.e4 e5 2.Nf3 Nf6 3.Bc4 Nxe4 4.Nc3 Nc6 5.O-O Nxc3 6.dxc3 Be7 7.Qd5 O-O 8.
Nxe5 Nxe5 9.Qxe5 d6 10.Qe4 c6 11.Bd3 g6 12.Bh6 d5 13.Qe3 Re8 14.Rfe1 Be6 
15.Rad1 Bf6 16.Qf4 Bg7 17.Bxg7 Kxg7 18.Re3 Qf6 19.Qd4 Qxd4 1/2-1/2

[Event "Rewal 2011 - Open A"]
[Site "Rewal"]
[Date "2011.08.28"]
[Round "9.23"]
[White "Turlej, Lukasz"]
[Black "Brzezinski, Mateusz"]
[Result "0-1"]
[WhiteElo "2158"]
[BlackElo "2042"]
[EventDate "2011.??.??"]
[PlyCount "68"]

1.e4 c5 2.Nf3 Nc6 3.d4 cxd4 4.Nxd4 Nf6 5.Nc3 e5 6.Ndb5 d6 7.Bg5 a6 8.Na3 
b5 9.Bxf6 gxf6 10.Nd5 f5 11.Bd3 Be6 12.Qh5 Rg8 13.g3 f4 14.gxf4 Bg4 15.
Qxh7 Rg7 16.Qh8 Nd4 17.c3 Nf3+ 18.Kd1 Rg6 19.h3 Rh6 20.Qxh6 Bxh6 21.hxg4 
Bg7 22.Be2 Nh4 23.g5 Ng2 24.f5 Qxg5 25.Nc7+ Kd7 26.Nxa8 Bh6 27.Rxh6 Qxh6 
28.Nc2 Kc6 29.a4 Kb7 30.axb5 axb5 31.Bxb5 Qh4 32.Ra4 Qxf2 33.Nb4 Ne3+ 34.
Kc1 Qe1# 0-1

[Event "Rewal 2011 - Open A"]
[Site "Rewal"]
[Date "2011.08.28"]
[Round "9.24"]
[White "Motyl, Tomasz"]
[Black "Kielar, Maciej"]
[Result "0-1"]
[WhiteElo "2027"]
[BlackElo "2138"]
[EventDate "2011.??.??"]
[PlyCount "54"]

1.g3 g6 2.Bg2 Bg7 3.e4 c5 4.Nc3 Nc6 5.d3 d6 6.f4 e6 7.Be3 Nge7 8.Nf3 O-O 
9.e5 Nf5 10.Bf2 dxe5 11.Bxc5 exf4 12.Bxf8 Qxf8 13.gxf4 Qc5 14.Ne4 Qe3+ 15.
Qe2 Qxf4 16.O-O Bxb2 17.Rab1 Bg7 18.c3 Qc7 19.d4 b6 20.Kh1 Bb7 21.Rbe1 Rd8
22.Qc4 Qc8 23.Ne5 Ba6 24.Qb3 Bxf1 25.Bxf1 Na5 26.Qb5 h6 27.Nf3 Nd6 0-1

[Event "Rewal 2011 - Open A"]
[Site "Rewal"]
[Date "2011.08.29"]
[Round "9.27"]
[White "Kubica, Kamil"]
[Black "Siwiec, Arkadiusz"]
[Result "0-1"]
[WhiteElo "1941"]
[BlackElo "2144"]
[EventDate "2011.??.??"]
[PlyCount "152"]

1.d4 d5 2.c4 c6 3.Nf3 Nf6 4.Nc3 Bf5 5.e3 e6 6.Bd3 Bxd3 7.Qxd3 Nbd7 8.O-O 
Be7 9.Rd1 Qa5 10.cxd5 cxd5 11.Bd2 a6 12.Rac1 O-O 13.Rc2 Rfb8 14.Rdc1 Ne8 
15.e4 dxe4 16.Nxe4 Qf5 17.Qe2 Ndf6 18.Ng3 Qd5 19.Bf4 Bd6 20.Bxd6 Nxd6 21.
b3 Nde4 22.Rc7 Nxg3 23.hxg3 Ne8 24.R7c5 Qd6 25.Qd3 Rd8 26.Ng5 g6 27.Nf3 
Rab8 28.Qe4 Nf6 29.Qh4 Kg7 30.Ne5 Nd5 31.g4 f6 32.Nf3 Qf4 33.Ne5 h6 34.Nd3
Qxd4 35.Qg3 e5 36.R1c4 Qa1+ 37.Rc1 Qd4 38.R1c4 Qa1+ 39.Rc1 Qxa2 40.Nxe5 
Qe2 41.Nf3 Qe6 42.Nd4 Qd6 43.Qf3 Kh7 44.Qe4 Rd7 45.Ne6 Ne7 46.g3 Nc6 47.
Nf4 Rg8 48.Nd5 Rf8 49.Nf4 Rg8 50.Nd5 Rf7 51.Nf4 Re7 52.Qc4 Ne5 53.Qc3 Nxg4
54.Nd5 Rf7 55.Rc7 Rxc7 56.Qxc7+ Qxc7 57.Rxc7+ Rg7 58.Rc4 Rd7 59.Nb6 Rd1+ 
60.Kg2 h5 61.Rc7+ Kh6 62.Rxb7 Rd2 63.Nd7 Rxf2+ 64.Kg1 Rb2 65.Rb6 a5 66.Nc5
g5 67.Ra6 h4 68.gxh4 gxh4 69.Ra8 Kh7 70.Ne4 h3 71.Nxf6+ Nxf6 72.Rxa5 Kg6 
73.Kh1 Ng4 74.Ra1 Rh2+ 75.Kg1 Rg2+ 76.Kf1 Ne3+ 0-1

[Event "Rewal 2011 - Open A"]
[Site "Rewal"]
[Date "2011.08.28"]
[Round "9.28"]
[White "Zakrzewski, Marek"]
[Black "Matuszczyk, Przemyslaw"]
[Result "1/2-1/2"]
[WhiteElo "2097"]
[BlackElo "2032"]
[EventDate "2011.??.??"]
[PlyCount "64"]

1.e4 c5 2.Nc3 Nc6 3.g3 g6 4.Bg2 Bg7 5.d3 d6 6.Be3 Rb8 7.Qd2 e6 8.Nge2 Nd4 
9.Nd1 b5 10.Nc1 b4 11.O-O Bb7 12.c3 Nc6 13.d4 cxd4 14.cxd4 a5 15.f4 Nce7 
16.a3 Nf6 17.Nf2 Ba6 18.Ncd3 b3 19.Rfc1 a4 20.Rc3 Nd7 21.Rac1 Nb6 22.Nb4 
Bb5 23.Rc7 d5 24.exd5 exd5 25.R7c5 Bc4 26.Nd1 Qd7 27.Nc3 O-O 28.Bf2 Rfc8 
29.Re1 Re8 30.h3 h5 31.Kh2 Rbd8 32.Bf3 Qd6 1/2-1/2

[Event "Rewal 2011 - Open A"]
[Site "Rewal"]
[Date "2011.08.28"]
[Round "9.29"]
[White "Siedlinski, Piotr"]
[Black "Koitka, Jakub"]
[Result "1-0"]
[WhiteElo "2078"]
[BlackElo "1917"]
[EventDate "2011.??.??"]
[PlyCount "77"]

1.e4 e5 2.Nc3 Nf6 3.f4 d5 4.fxe5 Nxe4 5.d3 Nxc3 6.bxc3 Be7 7.Nf3 O-O 8.d4 
c5 9.Bd3 Nc6 10.O-O Bg4 11.Be3 Qa5 12.Qe1 Qa4 13.Qg3 Bh5 14.Ng5 Bg6 15.Rf4
Bxg5 16.Qxg5 Bxd3 17.cxd3 cxd4 18.Rg4 g6 19.Qh6 f5 20.exf6 Rxf6 21.Rh4 Rf7
22.Bg5 Re8 23.Bf6 Rd7 24.Rf1 Qc2 25.Rh3 Qe2 26.cxd4 Qe6 27.Rg3 Qf7 28.Be5 
Nxe5 29.Rxf7 Nxf7 30.Qd2 Rde7 31.h3 b6 32.Qc2 Nd8 33.Qb3 Rd7 34.Rg5 Nf7 
35.Rxd5 Ree7 36.Rxd7 Rxd7 37.Qa4 Re7 38.d5 Nd6 39.Qc6 1-0

[Event "Rewal 2011 - Open A"]
[Site "Rewal"]
[Date "2011.08.29"]
[Round "9.30"]
[White "Krupa, Krzysztof"]
[Black "Lapaj, Mateusz"]
[Result "1-0"]
[WhiteElo "2035"]
[BlackElo "2021"]
[EventDate "2011.??.??"]
[PlyCount "111"]

1.e4 e6 2.d4 d5 3.Nc3 Bb4 4.e5 c5 5.Bd2 Ne7 6.a3 Bxc3 7.Bxc3 b6 8.b4 Qc7 
9.Nf3 Nbc6 10.bxc5 bxc5 11.dxc5 Ng6 12.Bb5 Bd7 13.O-O O-O 14.Bxc6 Bxc6 15.
h4 Ne7 16.Bd4 Rab8 17.Qd2 Bb5 18.Rfe1 Nc6 19.c3 Na5 20.Qg5 h6 21.Qh5 Bd3 
22.Nh2 Nb3 23.Rad1 Bc2 24.Be3 Bg6 25.Qg4 Nxc5 26.Bxh6 gxh6 27.h5 Kh7 28.
hxg6+ fxg6 29.Qh3 Qg7 30.Ng4 Rb3 31.Re3 Rxa3 32.Nf6+ Rxf6 33.exf6 Qxf6 34.
Rf3 Qg7 35.Rb1 Ra6 36.Qg3 e5 37.Rb5 Rc6 38.Qh4 e4 39.Rh3 Rc7 40.Rb8 Nd7 
41.Rd8 Nf6 42.Qf4 h5 43.g4 Rf7 44.Rd6 Qh6 45.Qe5 Qg7 46.Qe6 e3 47.g5 exf2+
48.Kf1 Ne4 49.Rxd5 Nxg5 50.Rxg5 Rf6 51.Rhxh5+ gxh5 52.Rxg7+ Kxg7 53.Qe7+ 
Kg6 54.Qxa7 h4 55.c4 Kg5 56.Qg7+ 1-0

[Event "Rewal 2011 - Open A"]
[Site "Rewal"]
[Date "2011.08.29"]
[Round "9.31"]
[White "Bes, Michal"]
[Black "Rychlik, Hanna"]
[Result "1-0"]
[WhiteElo "1906"]
[BlackElo "2081"]
[EventDate "2011.??.??"]
[PlyCount "131"]

1.e4 c5 2.Nf3 d6 3.c3 Nf6 4.Bd3 a6 5.a4 b6 6.Qe2 Bb7 7.O-O Qc7 8.Bc2 Nc6 
9.Na3 Rc8 10.d4 cxd4 11.cxd4 Nb4 12.Bb1 e6 13.Bf4 Be7 14.Rc1 Qd8 15.Nc2 d5
16.Nxb4 Rxc1+ 17.Bxc1 Bxb4 18.e5 Ne4 19.Ne1 Bxe1 20.Qxe1 f6 21.f3 Ng5 22.
exf6 gxf6 23.Bxg5 fxg5 24.Qxe6+ Qe7 25.Bf5 Qxe6 26.Bxe6 Ke7 27.Re1 Kf6 28.
Re5 Rd8 29.b4 Bc6 30.a5 bxa5 31.bxa5 Rd6 32.Bf5 h6 33.Kf2 Bb5 34.Kg3 Bf1 
35.Kf2 Bb5 36.g3 Bc4 37.f4 gxf4 38.gxf4 Rd8 39.Be6 Rd6 40.Bg4 Rc6 41.Kg3 
Ba2 42.Kh4 Rc2 43.Re2 Rxe2 44.Bxe2 Bc4 45.Bg4 Bd3 46.Kh5 Kg7 47.Bf3 Bc4 
48.Bg4 Bd3 49.Bc8 Be2+ 50.Kh4 Kf6 51.Kg3 Ke7 52.Kf2 Bc4 53.Ke3 Kd8 54.Bg4 
Ke7 55.f5 Kf6 56.Kf4 Bd3 57.Bh3 Bb5 58.Bg2 Bd3 59.Bxd5 Bxf5 60.Bc4 Bc8 61.
Ke4 Bb7+ 62.d5 Bc8 63.Kd4 Ke7 64.Kc5 Kd7 65.Kb6 Kd6 66.Bxa6 1-0

[Event "Rewal 2011 - Open A"]
[Site "Rewal"]
[Date "2011.08.28"]
[Round "9.33"]
[White "Puczylowski, Marcin"]
[Black "Spicak, Krzysztof"]
[Result "0-1"]
[WhiteElo "2011"]
[BlackElo "2054"]
[EventDate "2011.??.??"]
[PlyCount "120"]

1.c4 g6 2.Nc3 Bg7 3.g3 e5 4.Bg2 f5 5.d3 Nf6 6.e3 O-O 7.Nge2 Kh8 8.O-O g5 
9.f4 exf4 10.gxf4 gxf4 11.Nxf4 c6 12.Nh5 Nxh5 13.Qxh5 d6 14.e4 Qf6 15.Bg5 
Qf7 16.Qxf7 Rxf7 17.Bh3 Bxc3 18.bxc3 Rg7 19.Kh1 Rxg5 20.exf5 Na6 21.Rae1 
Bd7 22.Re7 Rd8 23.Rf3 Rdg8 24.Rf1 Bc8 25.d4 Nb8 26.Re3 Nd7 27.f6 Nb6 28.f7
Rf8 29.Re8 Kg7 30.Bxc8 Nxc8 31.h4 Rg4 32.Kh2 Rxh4+ 33.Kg3 Rh6 34.Rb1 Rg6+ 
35.Kh4 Nb6 36.c5 dxc5 37.dxc5 Nd7 38.Rxb7 Rxf7 39.Ra8 Nxc5 40.Rxf7+ Kxf7 
41.Rxa7+ Ke6 42.Rxh7 Kd5 43.Kh5 Rg3 44.Rf7 Rxc3 45.Kg4 Ra3 46.Rf2 Nd3 47.
Rd2 Kd4 48.Kf3 c5 49.Ke2 c4 50.Kd1 Ra7 51.Rh2 Nb4 52.Rh4+ Kc5 53.Rh5+ Nd5 
54.Kc1 Rxa2 55.Rh8 c3 56.Rh4 Ne3 57.Kb1 Rb2+ 58.Kc1 Re2 59.Rh1 Kc4 60.Rg1 
Kb3 0-1

[Event "Rewal 2011 - Open A"]
[Site "Rewal"]
[Date "2011.08.28"]
[Round "9.35"]
[White "Smolka, Marcin"]
[Black "Lewtak, Damian"]
[Result "1/2-1/2"]
[WhiteElo "1862"]
[BlackElo "2093"]
[EventDate "2011.??.??"]
[PlyCount "32"]

1.e4 c5 2.Nf3 d6 3.d4 cxd4 4.Nxd4 Nf6 5.f3 Nc6 6.c4 g6 7.Be3 Bg7 8.Qd2 O-O
9.Nc3 Bd7 10.Be2 a5 11.O-O Nxd4 12.Bxd4 Bc6 13.Nd5 e6 14.Bb6 Qd7 15.Ne3 
Bh6 16.Qc3 Qe7 1/2-1/2

[Event "Rewal 2011 - Open A"]
[Site "Rewal"]
[Date "2011.08.28"]
[Round "9.36"]
[White "Zielinski, Wojciech"]
[Black "Tomaszewska, Luiza"]
[Result "1-0"]
[WhiteElo "2097"]
[BlackElo "1993"]
[EventDate "2011.??.??"]
[PlyCount "51"]

1.c4 e5 2.b3 d6 3.Bb2 Nf6 4.e3 g6 5.d4 Nbd7 6.Nf3 Qe7 7.Be2 Bg7 8.Qc2 O-O 
9.Nc3 c5 10.dxe5 Nxe5 11.Nxe5 dxe5 12.e4 b6 13.O-O-O Qb7 14.h4 a6 15.h5 
gxh5 16.Nd5 Nxd5 17.exd5 f5 18.Rxh5 h6 19.Rdh1 Qf7 20.f4 exf4 21.Rxh6 Bxh6
22.Rxh6 Qh7 23.Rxh7 Kxh7 24.Qc3 Ra7 25.Qh3+ Kg6 26.Qh5# 1-0

[Event "Rewal 2011 - Open A"]
[Site "Rewal"]
[Date "2011.08.28"]
[Round "9.38"]
[White "Sliwicki, Damian"]
[Black "Andrzejewska, Anna"]
[Result "1/2-1/2"]
[WhiteElo "1899"]
[BlackElo "1987"]
[EventDate "2011.??.??"]
[PlyCount "36"]

1.e4 e5 2.Nf3 Nc6 3.Bc4 Bc5 4.O-O d6 5.c3 Nf6 6.d4 Bb6 7.h3 h6 8.dxe5 Nxe5
9.Nxe5 dxe5 10.Qxd8+ Kxd8 11.Bxf7 Nxe4 12.Be3 Bxe3 13.fxe3 Ke7 14.Bg6 Nd6 
15.Nd2 b6 16.Ne4 Be6 17.Ng3 Rhf8 18.b3 Rxf1+ 1/2-1/2

[Event "Rewal 2011 - Open A"]
[Site "Rewal"]
[Date "2011.08.28"]
[Round "9.39"]
[White "Berlin, Tatiana"]
[Black "Gabrys, Sebastian"]
[Result "1-0"]
[WhiteElo "2206"]
[BlackElo "1805"]
[EventDate "2011.??.??"]
[PlyCount "121"]

1.e4 c5 2.Nf3 e6 3.d3 Nf6 4.g3 d5 5.Nbd2 Nc6 6.Bg2 Be7 7.O-O O-O 8.c3 b6 
9.e5 Nd7 10.Re1 Ba6 11.Qe2 Rc8 12.Nf1 Re8 13.h4 h6 14.N1h2 Nf8 15.Ng4 Kh7 
16.Nxh6 gxh6 17.Qd2 Kg8 18.Bf1 Nh7 19.Qxh6 Bf8 20.Qh5 Bg7 21.Ng5 Nxg5 22.
Bxg5 Ne7 23.Re3 Qc7 24.Bf6 Ng6 25.Qg5 d4 26.cxd4 cxd4 27.Ree1 Bxf6 28.Qxf6
Qe7 29.Qf3 Rc5 30.Qg4 Kh7 31.b4 Rb5 32.a3 f5 33.Qxd4 Rd5 34.Qb2 Bxd3 35.
Bg2 Rdd8 36.Rac1 Rc8 37.Rc3 Rxc3 38.Qxc3 Ba6 39.Bc6 Rc8 40.Qf3 Qc7 41.b5 
Nxe5 42.Rxe5 Qxe5 43.bxa6 Qa1+ 44.Kh2 Qc1 45.Bd7 Rc3 46.Qh5+ Kg7 47.Bxe6 
Rc7 48.Bxf5 Qc5 49.Qg5+ Kf8 50.Qf4 Rf7 51.g4 Qc7 52.Kg3 Qc3+ 53.Kg2 Qxa3 
54.h5 Qxa6 55.Qd6+ Re7 56.h6 Qb7+ 57.f3 Qc7 58.Qf6+ Rf7 59.Qh8+ Ke7 60.h7 
a5 61.Qd4 1-0

[Event "Rewal 2011 - Open A"]
[Site "Rewal"]
[Date "2011.08.28"]
[Round "9.40"]
[White "Jarus, Grzegorz"]
[Black "Falkowski, Dawid"]
[Result "1-0"]
[WhiteElo "1858"]
[BlackElo "2059"]
[EventDate "2011.??.??"]
[PlyCount "47"]

1.d4 Nf6 2.Nf3 e6 3.c4 c5 4.e3 Nc6 5.Nc3 d5 6.Be2 dxc4 7.Bxc4 cxd4 8.exd4 
Bb4 9.O-O O-O 10.h3 Qc7 11.Bd3 Rd8 12.Be3 a6 13.Qe2 b5 14.Rac1 Bb7 15.Rfd1
Qa5 16.Bb1 Ne7 17.Ne5 Rac8 18.Bg5 Bxc3 19.Bxf6 gxf6 20.Bxh7+ Kxh7 21.Qh5+ 
Kg7 22.Qxf7+ Kh8 23.Qxf6+ Kg8 24.Rd3 1-0